Povinné minimální rezervy

Povinné minimálne rezervy ako nástroj menovej politiky. Výpočet povinných minimálnych rezerv. Dôvody existencie povinných minimálnych rezerv. Povinné minimálne rezervy v českom bankovom systéme.

Salvato in:
Dettagli Bibliografici
Autore principale: Revenda, Zbyněk
Natura: Capitolo di libro
Lingua:ceco
Soggetti:
Tags: Aggiungi Tag
Nessun Tag, puoi essere il primo ad aggiungerne!!

MARC

LEADER 00000naa a2200000 4500
001 r017098
005 20221205102509.7
041 0 |a cze 
044 |a CZ 
245 1 0 |a Povinné minimální rezervy  |c Zbyněk Revenda 
520 |a Povinné minimálne rezervy ako nástroj menovej politiky. Výpočet povinných minimálnych rezerv. Dôvody existencie povinných minimálnych rezerv. Povinné minimálne rezervy v českom bankovom systéme. 
610 2 0 |a politika menová 
610 2 0 |a rezervy finančné 
610 2 0 |a banky 
610 2 0 |a vklady 
610 2 0 |a agregáty menové 
610 2 0 |a Česko 
100 1 |a Revenda, Zbyněk